000 00368nam a2200157Ia 4500
003 Ost
005 20260225132552.0
008 260225s9999||||xx |||||||||||||| ||und||
040 _cfsic
041 _afre
082 _a440
100 _aHélène Huot
_eAuteur
245 0 _aEnseignement du Français et l'inguistique /
245 0 _cHélène Huot
942 _cكتاب
999 _c34238
_d34238